Sports Quiz

Random Sports or NFL Quiz

Super Bowl XLIV (New Orleans vs Indianapolis) Quiz Stats

 Plays Quiz Updated Oct 31, 2018

Score 0/20 Timer 05:00
0 Plays Today
Team Answer % Correct
IndianapolisPeyton Manning
96.3%
IndianapolisPeyton Manning
96.3%
New OrleansDrew Brees
95%
New OrleansSaints
93%
IndianapolisColts
92.1%
IndianapolisSpeed Blue and White
91.2%
New OrleansBlack and Old Gold
90.7%
New OrleansNFC South
83.7%
IndianapolisAFC South
81.4%
New OrleansSean Payton
77.5%
Team Answer % Correct
IndianapolisDallas Clark & Reggie Wayne
76.8%
New OrleansLouisiana Superdome
74.8%
IndianapolisJoseph Addai
70.3%
New OrleansRobert Meachem & Marques Colston
66.9%
New OrleansPierre Thomas
57.9%
IndianapolisLucas Oil Stadium
52.6%
IndianapolisJim Caldwell
51%
IndianapolisJim Irsay
20.8%
New OrleansTom Benson
18%
New OrleansGeorge Rogers
4.3%

You're not logged in!

Compare scores with friends on all Sporcle quizzes.
OR
Log In

Sporcle TV

Today on Sporcle TV


Watch our educational content, quiz creation guides, and fun videos on Sporcle TV.

Show Comments

Extras

Top Quizzes Today


Score Distribution

Your Account Isn't Verified!

In order to create a playlist on Sporcle, you need to verify the email address you used during registration. Go to your Sporcle Settings to finish the process.

Report this User

Report this user for behavior that violates our Community Guidelines.

Details: